Encyclopadia of Islam (Record no. 2185)

MARC details
000 -LEADER
fixed length control field 00546nam a2200241 a 4500
020 ## - INTERNATIONAL STANDARD BOOK NUMBER
ISBN
082 00 - DEWEY DECIMAL CLASSIFICATION NUMBER
Classification number 297.03
Author Cutter ENC4
100 ## - MAIN ENTRY--AUTHOR NAME
Author name ,
245 ## - TITLE STATEMENT
Title Encyclopadia of Islam
260 ## - PUBLICATION, DISTRIBUTION, ETC. (IMPRINT)
Place of publication Leiden
Name of publisher Brill
Year of publication 1913
300 ## - PHYSICAL DESCRIPTION
Number of Pages 00
500 ## - GENERAL NOTE
General note includes index and biblioraphy
650 ## - SUBJECT ADDED ENTRY--TOPICAL TERM
Topical Term Islam-Encyclopaedia
650 ## - SUBJECT ADDED ENTRY--TOPICAL TERM
Topical Term Encyclopeadia-Islam
942 ## - ADDED ENTRY ELEMENTS (KOHA)
Koha item type Books
700 1# -
-- ,
Holdings
Collection code Home library Current library Shelving location Date acquired Cost, normal purchase price Full call number Accession Number Koha item type
Reference Henry Martyn Institute Library Henry Martyn Institute Library Reference 08/31/2018 100.00 297.03 ENC4 018 Books
Reference Henry Martyn Institute Library Henry Martyn Institute Library Reference 08/31/2018 100.00 297.03 ENC4 019 Books
Reference Henry Martyn Institute Library Henry Martyn Institute Library Reference 08/31/2018 100.00 297.03 ENC4 020 Books
Reference Henry Martyn Institute Library Henry Martyn Institute Library Reference 08/31/2018 100.00 297.03 ENC4 021 Books
                   Copyright © 2026 | Henry Martyn Institute | Hyderabad | TS-500052 | INDIA | Implemented by hmi.edu.in
Hit-Count:

Powered by Koha